Logo BPK

Biblioteka

Politechniki Koszalińskiej

Methods of mathematical physics / (Rekord nr 36431)

Szczegóły MARC
000 -ETYKIETA REKORDU
podpole kontrolne o stałej długości 00835nam a2200265 i 4500
001 - NUMER KONTROLNY REKORDU
pole kontrolne bg
020 ## - MIĘDZYNARODOWY ZNORMALIZOWANY NUMER KSIĄŻKI - ISBN
ISBN 0521664020
040 ## - ŹRÓDŁO KATALOGOWANIA
Instytucja, która utworzyła rekord BPK
041 0# - KOD JĘZYKA
Kod języka tekstu en
080 ## - UNIWERSALNA KLASYFIKACJA DZIESIĘTNA - UKD
UKD 53:51
920 ## - Międzynarodowy znormalizowany numer książki – ISBN
ISBN 0-521-66402-0
008 - POLE O STAŁEJ DŁUGOŚCI - DANE KONTROLNE
podpole kontrolne o stałej długości s pl f |000 0 pol
100 1# - NAZWA OSOBOWA
Nazwa osobowa JEFFREYS, Harold
245 10 - TYTUŁ/ODPOWIEDZIALNOŚĆ
Tytuł Methods of mathematical physics /
Pozostałe elementy strefy tytułu i oznaczenia odpowiedzialności by Harrol Jeffreys and Bertha Swirles Jeffreys.
250 ## - STREFA WYDANIA
Oznaczenie wydania 3rd ed.
260 ## - STREFA ADRESU WYDAWNICZEGO
Miejsce wydania Cambridge :
Nazwa wydawcy/dystrybutora University Press,
Data publikacji, dystrybucji/powstania dokumentu 1972, repr.1999.
300 ## - STREFA OPISU FIZYCZNEGO
Objętość VIII, 718 s. :
Inne cechy fizyczne wykr. ;
Rozmiary 24 cm.
490 1# - STREFA SERII I DOKUMENTU WIELOCZĘŚCIOWEGO - FORMA NIE DO WYSZUKIWANIA
Tytuł i oznaczenie odpowiedzialności serii Cambridge Mathematical Library
500 ## - UWAGI OGÓLNE
Tekst uwagi Egz. uszk. Brak stron: 632,633,636,637,639,640,645,646,648,649,652,653,656,657,660,661.
504 ## - UWAGA DOTYCZĄCA BIBLIOGRAFII
Informacje o bibliografii Indeks.
650 #9 - HASŁO PRZEDMIOTOWE W FORMIE NAZWY OGÓLNEJ LUB JEDNOSTKOWEJ
Nazwa ogólna lub geograficzna Fizyka
Określnik ogólny matematyka
-- metody
700 1# - HASŁO DODATKOWE - NAZWA OSOBOWA
Nazwa osobowa SWIRLES JEFFREYS, Bertha
830 ## - HASŁO DODATKOWE SERII LUB DOKUMENTU WIELOCZĘŚCIOWEGO - TYTUŁ UJEDNOLICONY
Tytuł ujednolicony Cambridge Mathematical Library
856 ## - LOKALIZACJA I DOSTĘP DO ELEKTRONICZNYCH DOKUMENTÓW ZDALNYCH
Link (URL) http://koha.tu.koszalin.pl/cgi-bin/koha/opac-detail.pl?biblionumber=36431
Tekst linku Katalog online BPK
942 ## - DODATKOWE ELEMENTY (KOHA)
Typ dokumentu Książka
Egzemplarze
Wycofany Status egzemplarza Uszkodzony Dostępność Lokalizacja stała Lokalizacja bieżąca Miejsce przechowywania Sygnatura Kod kreskowy Typ dokumentu
      Dostępny Biblioteka Politechniki Koszalińskiej Biblioteka Politechniki Koszalińskiej Wypożyczalnia BG 50805 01456240 Książka
© 2023 Biblioteka Politechniki Koszalińskiej :: KOHA